[Event "GBR-ch77"]
[Site "Eastbourne"]
[Date "1990.08.03"]
[Round "5.14"]
[White "Arkell, Keith C"]
[Black "Coleman, David"]
[Result "1/2-1/2"]
[WhiteElo "2430"]
[BlackElo "2235"]
[PlyCount "185"]
[EventDate "1990.07.30"]
[EventType "swiss"]
[EventRounds "11"]
[EventCountry "GBR"]
[SourceTitle "BritBase"]

1. d4 Nf6 2. Nf3 g6 3. c4 Bg7 4. Nc3 O-O 5. g3 d6 6. Bg2 Nc6 7. O-O Bf5 8. Re1
Ne4 9. Nd5 Bc8 10. Qc2 f5 11. Rd1 e6 12. Nc3 d5 13. cxd5 exd5 14. Qb3 Ne7 15.
Bf4 c6 16. Be5 Kh8 17. e3 Ng8 18. Bxg7+ Kxg7 19. Qc2 Qe7 20. a3 Ngf6 21. Ne5
Nd6 22. h3 Nfe4 23. Ne2 Be6 24. Nf4 Bg8 25. h4 Nf7 26. Nxf7 Bxf7 27. b4 h6 28.
Nd3 g5 29. hxg5 hxg5 30. Ne5 Rh8 31. Rdc1 Be6 32. b5 cxb5 33. Qc7 Rhe8 34. Qa5
b6 35. Qxb5 Rac8 36. Rc6 Rxc6 37. Nxc6 Qd6 38. Ne5 Rc8 39. Qb4 Qc7 40. Bf3 Kf6
41. Bxe4 fxe4 42. Kg2 a5 43. Qb5 Rh8 44. Rh1 Rxh1 45. Kxh1 Ke7 46. Kg2 Qd6 47.
Qa6 Qc7 48. Qa8 Kd6 49. Qe8 g4 50. Qf8+ Qe7 51. Qf4 Kc7 52. Nxg4+ Kb7 53. Qe5
b5 54. Nf6 Qf7 55. Kf1 b4 56. axb4 a4 57. Nxe4 dxe4 58. Qb5+ Kc7 59. Qxa4 Bc4+
60. Ke1 Qf3 61. Qc2 Qh1+ 62. Kd2 Qf1 63. Qxe4 Kb6 64. Kc3 Be2 65. Qg6+ Kb5 66.
Qf5+ Kb6 67. Kb2 Bd3 68. Qc5+ Kb7 69. d5 Qxf2+ 70. Kc3 Bb1 71. Qe7+ Kb6 72.
Qd6+ Kb7 73. Qc6+ Kb8 74. Qd6+ Kb7 75. Qc6+ Kb8 76. Qd6+ Kb7 77. Qf4 Qe1+ 78.
Kc4 Ba2+ 79. Kc5 Qc3+ 80. Kd6 Qc7+ 81. Ke6 Qc8+ 82. Ke5 Qc3+ 83. Qd4 Qc7+ 84.
Ke4 Qh7+ 85. Ke5 Qe7+ 86. Kf5 Qf7+ 87. Ke5 Qe7+ 88. Kf4 Qf7+ 89. Kg5 Qe7+ 90.
Kg4 Qd7+ 91. Kf3 Qf5+ 92. Ke2 Bxd5 93. Kd2 1/2-1/2

[Event "GBR-ch77"]
[Site "Eastbourne"]
[Date "1990.08.03"]
[Round "5.15"]
[White "Basman, Michael J"]
[Black "Hawksworth, John C"]
[Result "0-1"]
[WhiteElo "2370"]
[BlackElo "2370"]
[PlyCount "59"]
[EventDate "1990.07.30"]
[EventType "swiss"]
[EventRounds "11"]
[EventCountry "GBR"]
[SourceTitle "BritBase"]

1. h3 d5 2. a3 e5 3. c4 c6 4. cxd5 cxd5 5. d4 exd4 6. Nf3 Nc6 7. g4 Qb6 8. Bg2
g6 9. b4 Bg7 10. Bb2 Nge7 11. Nbd2 h5 12. Nb3 hxg4 13. hxg4 Rxh1+ 14. Bxh1 Bxg4
15. Rc1 Bxf3 16. Bxf3 Kf8 17. Ba1 Rd8 18. Bg2 Nf5 19. Rc5 Kg8 20. Bh3 Nd6 21.
Rxd5 Ne4 22. Rxd8+ Qxd8 23. Bg2 Qh4 24. Bxe4 Qxe4 25. f3 Qd5 26. Kf2 b5 27. Bb2
Bf6 28. Nc5 Bh4+ 29. Kf1 Qd6 30. e4 0-1

[Event "GBR-ch77"]
[Site "Eastbourne"]
[Date "1990.08.03"]
[Round "5.16"]
[White "Flear, Glenn C"]
[Black "Mortazavi, Ali"]
[Result "1-0"]
[WhiteElo "2485"]
[BlackElo "2285"]
[PlyCount "92"]
[EventDate "1990.07.30"]
[EventType "swiss"]
[EventRounds "11"]
[EventCountry "GBR"]
[SourceTitle "BritBase"]

1. d4 Nf6 2. c4 g6 3. Nc3 Bg7 4. e4 O-O 5. Be2 d6 6. Nf3 c5 7. d5 Na6 8. O-O
Nc7 9. Re1 e6 10. Qc2 exd5 11. cxd5 Re8 12. Bg5 h6 13. Bh4 Bg4 14. a4 Na6 15.
h3 Nb4 16. Qd2 Bxf3 17. Bxf3 c4 18. Be2 Rc8 19. Bf1 Qb6 20. Nb5 Qc5 21. Bxf6
Bxf6 22. Bxc4 Bg5 23. Qe2 Bf4 24. Bb3 Re5 25. Rad1 Rce8 26. Qf3 Bg5 27. Rd4 Na6
28. Rc4 Qb6 29. Qc3 Bh4 30. Re3 Bg5 31. Re1 Bh4 32. Re3 Bg5 33. a5 Qd8 34. Re1
Qf6 35. Bc2 h5 36. Rc8 Rxc8 37. Qxc8+ Kg7 38. Qc3 h4 39. b4 Qf4 40. Nxd6 Bf6
41. Qe3 Qxe3 42. Rxe3 Nxb4 43. Ba4 Bg5 44. Rb3 Nxd5 45. Ne8+ Kf8 46. exd5 Bf4
1-0

[Event "GBR-ch77"]
[Site "Eastbourne"]
[Date "1990.08.03"]
[Round "5.17"]
[White "Ward, Christopher R"]
[Black "Lewis, Andrew P"]
[Result "1-0"]
[WhiteElo "2460"]
[BlackElo "2315"]
[PlyCount "91"]
[EventDate "1990.07.30"]
[EventType "swiss"]
[EventRounds "11"]
[EventCountry "GBR"]
[SourceTitle "BritBase"]

1. d4 Nf6 2. c4 g6 3. Nc3 Bg7 4. e4 d6 5. f4 O-O 6. Nf3 Bg4 7. Be3 Nfd7 8. h3
Bxf3 9. Qxf3 Nc6 10. O-O-O e5 11. dxe5 dxe5 12. f5 Nd4 13. Qf2 c6 14. g4 Qa5
15. Kb1 Rfd8 16. g5 Bf8 17. h4 Bb4 18. h5 gxf5 19. Bxd4 exd4 20. Ne2 Ne5 21.
Ng3 Ng4 22. Qf3 Ne3 23. Nxf5 Bf8 24. Rc1 Qd2 25. g6 Nxf5 26. Qxf5 Qh6 27. Qxf7+
Kh8 28. Bh3 Bg7 29. Bf5 d3 30. Rcd1 d2 31. Rh3 b5 32. c5 Rd4 33. a3 Rad8 34.
Qc7 b4 35. axb4 Rf8 36. Rb3 Rc4 37. Ka2 Rc1 38. Bg4 Qf4 39. Qxf4 Rxf4 40. Rxd2
hxg6 41. hxg6 Bf6 42. Bf5 Kg8 43. Rd7 Rf2 44. Be6+ Kf8 45. Rf7+ Ke8 46. Rxf6
1-0

[Event "GBR-ch77"]
[Site "Eastbourne"]
[Date "1990.08.03"]
[Round "5.18"]
[White "Ledger, Andrew"]
[Black "Morrison, Chris"]
[Result "1-0"]
[WhiteElo "2350"]
[BlackElo "2250"]
[PlyCount "93"]
[EventDate "1990.07.30"]
[EventType "swiss"]
[EventRounds "11"]
[EventCountry "GBR"]
[SourceTitle "BritBase"]

1. Nf3 d6 2. d4 Nf6 3. Bg5 Nbd7 4. Nbd2 c6 5. c3 Qc7 6. e4 e5 7. Bd3 Be7 8. O-O
O-O 9. Re1 Re8 10. h3 Nf8 11. Nf1 Ng6 12. Qd2 Nh5 13. Bc4 Bxg5 14. Nxg5 Nh8 15.
Rad1 h6 16. Nf3 Ng6 17. dxe5 dxe5 18. Qd6 Qxd6 19. Rxd6 Nhf4 20. Ne3 Be6 21.
Bxe6 Nxe6 22. Nc4 f6 23. Na5 Rab8 24. b4 Ngf8 25. Red1 Kf7 26. Nd2 Ke7 27. Ndc4
Red8 28. R1d2 Rxd6 29. Nxd6 Nd8 30. Ndxb7 Rxb7 31. Rxd8 Kxd8 32. Nxb7+ Kc7 33.
Nc5 Kb6 34. a4 a5 35. Kf1 g6 36. Ke2 f5 37. Kf3 f4 38. h4 h5 39. g3 fxg3 40.
fxg3 axb4 41. cxb4 Kc7 42. a5 Kb8 43. g4 Kc7 44. g5 Kb8 45. Ke3 Kc7 46. Kd3 Kb8
47. Kc4 1-0

[Event "GBR-ch77"]
[Site "Eastbourne"]
[Date "1990.08.03"]
[Round "5.20"]
[White "Franklin, Chris"]
[Black "Franklin, Michael J"]
[Result "1/2-1/2"]
[WhiteElo "2275"]
[BlackElo "2330"]
[PlyCount "109"]
[EventDate "1990.07.30"]
[EventType "swiss"]
[EventRounds "11"]
[EventCountry "GBR"]
[SourceTitle "BritBase"]

1. Nf3 Nf6 2. c4 e6 3. g3 d5 4. Bg2 Nbd7 5. b3 Be7 6. O-O O-O 7. Bb2 Re8 8. Nc3
c6 9. d4 b6 10. Qc2 Bb7 11. Rad1 Qc7 12. Ne5 b5 13. Rc1 Rac8 14. Qb1 Qa5 15. e4
dxc4 16. Nxd7 Nxd7 17. bxc4 bxc4 18. Rfd1 Rb8 19. Qc2 e5 20. Na4 Ba6 21. dxe5
Nxe5 22. Bxe5 Qxe5 23. Rd7 Bc5 24. Nxc5 Qxc5 25. Bf1 Bc8 26. Bxc4 Kh8 27. Rxf7
Bh3 28. Qc3 Qg5 29. Bf1 Bxf1 30. Rxf1 Rxe4 31. Qxc6 Qe5 32. Rxa7 h5 33. Ra8
Rxa8 34. Qxa8+ Kh7 35. h4 Re2 36. a4 Ra2 37. Qc6 Qd4 38. Qb5 g6 39. a5 Ra3 40.
Kg2 Qe4+ 41. Kh2 Qa8 42. Qd7+ Kh6 43. Qd2+ Kh7 44. Re1 Qa7 45. Re2 Rxa5 46. Qd8
Re5 47. Rd2 Re7 48. Qd5 Rf7 49. f4 Qb7 50. Qd3 Qc8 51. Rc2 Qb7 52. Rc5 Qb2+ 53.
Kh3 Kh6 54. f5 Qf2 55. Rc2 {Amended 1 May 2018. Contributed by Ken Norman.}
1/2-1/2

[Event "GBR-ch77"]
[Site "Eastbourne"]
[Date "1990.08.03"]
[Round "5.22"]
[White "Cooper, John Grantley"]
[Black "Muir, Andrew Joseph"]
[Result "0-1"]
[WhiteElo "2390"]
[BlackElo "2310"]
[PlyCount "32"]
[EventDate "1990.07.30"]
[EventType "swiss"]
[EventRounds "11"]
[EventCountry "GBR"]
[SourceTitle "BritBase"]

1. d4 d5 2. c4 e6 3. Nf3 Nf6 4. Nc3 c6 5. cxd5 exd5 6. Bg5 Bf5 7. Qb3 Nbd7 8.
Nh4 Be6 9. Qxb7 Rb8 10. Qxc6 Rxb2 11. Bxf6 gxf6 12. e3 Bb4 13. Rc1 Qa5 14. Bd3
O-O 15. a3 Bxc3+ 16. Qxc3 Rc8 0-1

[Event "GBR-ch77"]
[Site "Eastbourne"]
[Date "1990.08.03"]
[Round "5.24"]
[White "Kumaran, Dharshan"]
[Black "Ravikumar, Vaidyanathan"]
[Result "1-0"]
[WhiteElo "2245"]
[BlackElo "2355"]
[PlyCount "85"]
[EventDate "1990.07.30"]
[EventType "swiss"]
[EventRounds "11"]
[EventCountry "GBR"]
[SourceTitle "BritBase"]

1. d4 Nf6 2. c4 d6 3. Nc3 Nbd7 4. Nf3 e5 5. e4 Be7 6. Be2 O-O 7. O-O c6 8. Qc2
Re8 9. Rd1 Qc7 10. Bg5 Nf8 11. h3 Ne6 12. Be3 Bf8 13. d5 Nf4 14. Bf1 g6 15. Kh2
a6 16. g3 N4h5 17. Rac1 c5 18. a3 Bg7 19. Ne1 Rf8 20. b4 b6 21. bxc5 bxc5 22.
Rb1 h6 23. Qb3 Qe7 24. Qb6 Bd7 25. Qa5 Nh7 26. Be2 Ng5 27. Rb7 Qe8 28. h4 Nh7
29. Qc7 Rd8 30. Rb6 f5 31. Rxd6 Nf4 32. gxf4 exf4 33. Bxf4 fxe4 34. Bg3 Bxc3
35. Ng2 Kh8 36. Qxc5 Be5 37. Rxg6 Nf6 38. Qxf8+ Qxf8 39. Bxe5 Kh7 40. Rxf6 Qe7
41. Bd4 h5 42. d6 Qe8 43. c5 1-0

[Event "GBR-ch77"]
[Site "Eastbourne"]
[Date "1990.08.03"]
[Round "5.27"]
[White "Clarke, Thomas M"]
[Black "Walker, David"]
[Result "0-1"]
[WhiteElo "2215"]
[BlackElo "2325"]
[PlyCount "58"]
[EventDate "1990.07.30"]
[EventType "swiss"]
[EventRounds "11"]
[EventCountry "GBR"]
[SourceTitle "BritBase"]

1. e4 g6 2. d4 Bg7 3. Nc3 d6 4. f4 Nc6 5. Nf3 Bg4 6. Be3 Bxf3 7. gxf3 d5 8. h4
Nf6 9. f5 dxe4 10. fxg6 hxg6 11. fxe4 Nh5 12. d5 Ne5 13. Bb5+ c6 14. dxc6 bxc6
15. Qxd8+ Kxd8 16. O-O-O+ Kc7 17. Ba6 Bf6 18. Rh3 Ng4 19. Bd4 Bxd4 20. Rxd4 Nf4
21. Rh1 Ne5 22. Rb4 Rab8 23. Rxb8 Kxb8 24. Be2 g5 25. h5 g4 26. Bd1 Rxh5 27.
Rf1 Ne6 28. Rg1 Rg5 29. Rg2 Nf4 0-1

[Event "GBR-ch77"]
[Site "Eastbourne"]
[Date "1990.08.03"]
[Round "5.29"]
[White "Giddins, Stephen"]
[Black "Flear, Christine"]
[Result "1/2-1/2"]
[WhiteElo "2305"]
[BlackElo "2160"]
[PlyCount "24"]
[EventDate "1990.07.30"]
[EventType "swiss"]
[EventRounds "11"]
[EventCountry "GBR"]
[SourceTitle "BritBase"]

1. d4 f5 2. Nc3 d5 3. Bf4 Nf6 4. e3 e6 5. Bd3 c6 6. h3 Be7 7. Nf3 Nbd7 8. Ne5
O-O 9. Qf3 Ne4 10. Nd1 c5 11. c3 Nxe5 12. Bxe5 Bd7 1/2-1/2

[Event "GBR-ch77"]
[Site "Eastbourne"]
[Date "1990.08.03"]
[Round "5.32"]
[White "Jackson, Sheila"]
[Black "Cooper, Lawrence"]
[Result "0-1"]
[WhiteElo "2205"]
[BlackElo "2270"]
[PlyCount "86"]
[EventDate "1990.07.30"]
[EventType "swiss"]
[EventRounds "11"]
[EventCountry "GBR"]
[SourceTitle "BritBase"]

1. e4 e5 2. Nf3 Nc6 3. Bb5 a6 4. Ba4 Nf6 5. O-O b5 6. Bb3 Be7 7. Re1 d6 8. a4
Bb7 9. d3 Na5 10. Ba2 b4 11. Nbd2 O-O 12. Nc4 Nxc4 13. Bxc4 a5 14. Bg5 Nd7 15.
Qd2 Bxg5 16. Qxg5 Qxg5 17. Nxg5 Nc5 18. g3 h6 19. Nf3 Bc6 20. b3 Kh8 21. Bd5
Bxd5 22. exd5 Nd7 23. d4 f6 24. dxe5 fxe5 25. Nh4 Kh7 26. Ng2 Nf6 27. Rad1 g5
28. h3 h5 29. f3 Nd7 30. Re3 Rf7 31. h4 Raf8 32. Rf1 gxh4 33. Nxh4 Nb6 34. Rd1
Rg8 35. Kh2 Rfg7 36. Nf5 Rg5 37. g4 Nd7 38. Ne7 Rf8 39. gxh5 Rxh5+ 40. Kg2 Rf7
41. Nc6 Rg7+ 42. Kf1 Rh1+ 43. Ke2 Rg2+ 0-1

[Event "GBR-ch77"]
[Site "Eastbourne"]
[Date "1990.08.03"]
[Round "5.35"]
[White "Rahman, Tahmidur"]
[Black "Ansell, Simon"]
[Result "1-0"]
[WhiteElo "2310"]
[BlackElo "2230"]
[PlyCount "35"]
[EventDate "1990.07.30"]
[EventType "swiss"]
[EventRounds "11"]
[EventCountry "GBR"]
[SourceTitle "BritBase"]

1. Nf3 Nf6 2. c4 g6 3. d4 c5 4. Nc3 cxd4 5. Nxd4 Bg7 6. e4 d6 7. Be2 O-O 8. O-O
Nc6 9. Be3 Bd7 10. Rc1 Nxd4 11. Bxd4 Bc6 12. f3 Nd7 13. Bxg7 Kxg7 14. Qd4+ Nf6
15. b4 Qb6 16. c5 dxc5 17. bxc5 Rfd8 18. Qxf6+ 1-0

[Event "GBR-ch77"]
[Site "Eastbourne"]
[Date "1990.08.04"]
[Round "6.2"]
[White "Norwood, David"]
[Black "Adams, Michael"]
[Result "1/2-1/2"]
[WhiteElo "2515"]
[BlackElo "2590"]
[PlyCount "43"]
[EventDate "1990.07.30"]
[EventType "swiss"]
[EventRounds "11"]
[EventCountry "GBR"]
[SourceTitle "BritBase"]

1. g3 Nf6 2. Bg2 d5 3. f4 g6 4. Nf3 Bg7 5. O-O O-O 6. d3 c5 7. Qe1 d4 8. Nbd2
Nc6 9. Nb3 Qd6 10. e4 dxe3 11. Bxe3 b6 12. d4 Ba6 13. dxc5 Qc7 14. Ne5 Bxf1 15.
Bxc6 Bh3 16. cxb6 axb6 17. Bxa8 Rxa8 18. Qc3 Qb7 19. Qc6 Qxc6 20. Nxc6 Nd5 21.
Bf2 Bxb2 22. Rd1 1/2-1/2

[Event "GBR-ch77"]
[Site "Eastbourne"]
[Date "1990.08.04"]
[Round "6.3"]
[White "Wells, Peter K"]
[Black "Emms, John M"]
[Result "1-0"]
[WhiteElo "2415"]
[BlackElo "2430"]
[PlyCount "61"]
[EventDate "1990.07.30"]
[EventType "swiss"]
[EventRounds "11"]
[EventCountry "GBR"]
[SourceTitle "BritBase"]

1. Nf3 Nf6 2. c4 b6 3. Nc3 e6 4. e4 Bb7 5. Bd3 c5 6. e5 Ng4 7. O-O d6 8. exd6
Bxd6 9. Be4 Bxe4 10. Nxe4 Bc7 11. d4 cxd4 12. Bg5 Qd7 13. Nxd4 f5 14. h3 h6 15.
Bh4 Ne5 16. f4 Ng6 17. Nb5 O-O 18. Qxd7 Nxd7 19. Nxc7 Rac8 20. Nxe6 Nxh4 21.
Nxf8 Kxf8 22. Nc3 Rxc4 23. Rad1 Nc5 24. g3 Ng6 25. Rfe1 Ne7 26. Re3 Nc6 27. b4
Rxb4 28. Rd6 Nd4 29. a3 Nb7 30. Rd5 Rb3 31. Rxd4 1-0

[Event "GBR-ch77"]
[Site "Eastbourne"]
[Date "1990.08.04"]
[Round "6.4"]
[White "King, Daniel J"]
[Black "Plaskett, H James"]
[Result "1-0"]
[WhiteElo "2560"]
[BlackElo "2445"]
[PlyCount "74"]
[EventDate "1990.07.30"]
[EventType "swiss"]
[EventRounds "11"]
[EventCountry "GBR"]
[SourceTitle "BritBase"]

1. c4 Nf6 2. Nc3 e5 3. Nf3 Nc6 4. e3 Be7 5. d4 exd4 6. Nxd4 O-O 7. Be2 Re8 8.
O-O d5 9. cxd5 Nxd5 10. Nxd5 Qxd5 11. Bf3 Qc5 12. Nxc6 bxc6 13. Bd2 Bb7 14. Qa4
Qb6 15. Bc3 c5 16. Qg4 Bf8 17. Bxb7 Qxb7 18. Rad1 Rad8 19. Rxd8 Rxd8 20. e4 Qa6
21. a3 Qc6 22. h4 g6 23. h5 Re8 24. Re1 a6 25. Qh4 Be7 26. Qf4 Qd6 27. Be5 Qe6
28. Bxc7 Bf6 29. e5 Qe7 30. Qf3 Bg7 31. Bd6 Qe6 32. Qc6 c4 33. hxg6 hxg6 34.
Qxa6 Qd5 35. Qa4 Re6 36. Qb4 Bxe5 37. Qb8+ Kh7 1-0

[Event "GBR-ch77"]
[Site "Eastbourne"]
[Date "1990.08.04"]
[Round "6.6"]
[White "Suba, Mihai"]
[Black "McNab, Colin Anderson"]
[Result "1/2-1/2"]
[WhiteElo "2520"]
[BlackElo "2385"]
[PlyCount "77"]
[EventDate "1990.07.30"]
[EventType "swiss"]
[EventRounds "11"]
[EventCountry "GBR"]
[SourceTitle "BritBase"]

1. d4 d6 2. c4 e5 3. Nc3 exd4 4. Qxd4 Nf6 5. b3 g6 6. Bb2 Bg7 7. Qd2 O-O 8. f3
Nbd7 9. e4 a5 10. Rd1 Nc5 11. Ba3 Nfd7 12. Nge2 Re8 13. Qc2 c6 14. g3 f5 15.
Bg2 fxe4 16. Nxe4 Nxe4 17. fxe4 a4 18. Bxd6 axb3 19. axb3 Qb6 20. Rb1 Nf6 21.
b4 Be6 22. h3 Ra3 23. Bc5 Qa6 24. b5 Qa4 25. Qxa4 Rxa4 26. bxc6 bxc6 27. O-O
Rxc4 28. Bd4 Nxe4 29. Bxg7 Kxg7 30. Rb7+ Kg8 31. Rc7 Bd5 32. Nf4 Kh8 33. Rd1
Rb4 34. Nxd5 cxd5 35. Rf1 Nd6 36. Bxd5 Rd4 37. Bg2 Rd3 38. Rf3 Rxf3 39. Bxf3
1/2-1/2

[Event "GBR-ch77"]
[Site "Eastbourne"]
[Date "1990.08.04"]
[Round "6.7"]
[White "Watson, William N"]
[Black "Martin, Andrew D"]
[Result "1-0"]
[WhiteElo "2495"]
[BlackElo "2415"]
[PlyCount "85"]
[EventDate "1990.07.30"]
[EventType "swiss"]
[EventRounds "11"]
[EventCountry "GBR"]
[SourceTitle "BritBase"]

1. e4 Nc6 2. d4 d5 3. Nc3 e5 4. dxe5 d4 5. Nd5 f5 6. exf6 Nxf6 7. Bg5 Be6 8.
Bxf6 gxf6 9. Bc4 Ne5 10. Qxd4 Kf7 11. Bb3 c6 12. f4 cxd5 13. fxe5 dxe4 14.
Bxe6+ Kxe6 15. Qxe4 Qa5+ 16. c3 Qxe5 17. Qxe5+ fxe5 18. Nf3 Bc5 19. Ke2 Rhg8
20. g3 Rg4 21. Nd2 h5 22. Rhf1 h4 23. Kf3 Rag8 24. Ne4 Be7 25. h3 Rxg3+ 26.
Nxg3 Rxg3+ 27. Ke4 Bg5 28. Rf3 Rg2 29. b4 Bf4 30. a4 Re2+ 31. Kd3 Rg2 32. Ke4
Re2+ 33. Kd3 Rh2 34. Raf1 Kf5 35. Kc4 Ke4 36. a5 Rd2 37. R3f2 Rxf2 38. Rxf2 Ke3
39. Rf1 Ke2 40. Ra1 e4 41. Kd4 e3 42. Ke4 Bg5 43. Ra2+ 1-0

[Event "GBR-ch77"]
[Site "Eastbourne"]
[Date "1990.08.04"]
[Round "6.8"]
[White "Sadler, Matthew D"]
[Black "McDonald, Neil R"]
[Result "0-1"]
[WhiteElo "2470"]
[BlackElo "2350"]
[PlyCount "98"]
[EventDate "1990.07.30"]
[EventType "swiss"]
[EventRounds "11"]
[EventCountry "GBR"]
[SourceTitle "BritBase"]

1. d4 Nf6 2. c4 d6 3. Nc3 g6 4. e4 Bg7 5. Be2 O-O 6. Be3 e5 7. d5 c6 8. g4 cxd5
9. cxd5 Qa5 10. Bd2 Na6 11. h4 Nc5 12. f3 Qb6 13. Rb1 a5 14. Be3 h5 15. Nh3 a4
16. Nf2 Qa5 17. Qd2 Bd7 18. Bg5 b5 19. Bxf6 Bxf6 20. gxh5 b4 21. hxg6 bxc3 22.
bxc3 fxg6 23. h5 g5 24. Nh3 Bxh3 25. Rxh3 Kh7 26. Rb5 Qa7 27. Rg3 Kh6 28. Qc2
Be7 29. Rg4 Rf7 30. Qb1 Raf8 31. Rg3 Rf4 32. Kd2 g4 33. Qg1 Qd7 34. Rb6 Qc7 35.
Rc6 Qa7 36. Rxg4 Rxg4 37. Qxg4 Bg5+ 38. Kc2 Qe7 39. Qg1 Kh7 40. f4 Rxf4 41. Bg4
Nxe4 42. Qb6 Qf6 43. Rc7+ Kh6 44. Qa7 Rf2+ 45. Kd3 Rd2+ 46. Kc4 Qf1+ 47. Kb4
Qb1+ 48. Kc4 Nf6 49. Rc8 Rb2 0-1

[Event "GBR-ch77"]
[Site "Eastbourne"]
[Date "1990.08.04"]
[Round "6.9"]
[White "Howell, James C"]
[Black "Hebden, Mark"]
[Result "1/2-1/2"]
[WhiteElo "2415"]
[BlackElo "2520"]
[PlyCount "80"]
[EventDate "1990.07.30"]
[EventType "swiss"]
[EventRounds "11"]
[EventCountry "GBR"]
[SourceTitle "BritBase"]

1. e4 e5 2. Nf3 Nc6 3. Bb5 a6 4. Ba4 Nf6 5. O-O Be7 6. Re1 b5 7. Bb3 O-O 8. c3
d5 9. exd5 Nxd5 10. Nxe5 Nxe5 11. Rxe5 c6 12. Re1 Bd6 13. g3 Qd7 14. d3 Qh3 15.
Re4 Bb7 16. Nd2 Rae8 17. Nf1 c5 18. f3 Nf6 19. Rh4 Qf5 20. Ne3 Qc8 21. Ng2 c4
22. Bc2 cxd3 23. Qxd3 Bc5+ 24. Be3 g6 25. Bxc5 Qxc5+ 26. Rd4 Nd7 27. f4 Nf6 28.
Qd2 Rd8 29. Ne3 Kg7 30. Rf1 Rde8 31. Bd1 Ne4 32. Qd3 Qb6 33. Bf3 Nc5 34. Qd2
Qe6 35. Bxb7 Nxb7 36. Nd5 Qf5 37. Ne3 Qe6 38. Nd5 Qf5 39. Ne3 Qe6 40. Nd5 Qf5
1/2-1/2

[Event "GBR-ch77"]
[Site "Eastbourne"]
[Date "1990.08.04"]
[Round "6.10"]
[White "Large, Peter G"]
[Black "Flear, Glenn C"]
[Result "1/2-1/2"]
[WhiteElo "2325"]
[BlackElo "2485"]
[PlyCount "80"]
[EventDate "1990.07.30"]
[EventType "swiss"]
[EventRounds "11"]
[EventCountry "GBR"]
[SourceTitle "BritBase"]

1. e4 e5 2. Nf3 Nc6 3. Bb5 a6 4. Ba4 Nf6 5. O-O Nxe4 6. d4 b5 7. Bb3 d5 8. dxe5
Be6 9. Nbd2 Nc5 10. c3 Be7 11. Bc2 Bg4 12. Re1 O-O 13. Nb3 Ne4 14. Bf4 f5 15.
exf6 Nxf6 16. Qd3 Qd7 17. Ng5 h6 18. Nh7 Rf7 19. h3 Nh5 20. Qg6 Nxf4 21. Qxg4
Qxg4 22. hxg4 g6 23. g3 Nh3+ 24. Kg2 Rxf2+ 25. Kxh3 Kxh7 26. Nd4 Bd6 27. Re6
Rg8 28. Bb3 Nxd4 29. cxd4 Rxb2 30. Bxd5 Rd2 31. Rf1 Rxd4 32. Be4 Rg7 33. Rff6
Kh8 34. Re8+ Kh7 35. Ree6 Kh8 36. Re8+ Rg8 37. Ree6 Bf8 38. Rxg6 Bg7 39. Re7
Rd6 40. Rxd6 cxd6 1/2-1/2

[Event "GBR-ch77"]
[Site "Eastbourne"]
[Date "1990.08.04"]
[Round "6.11"]
[White "Muir, Andrew Joseph"]
[Black "Murshed, Niaz"]
[Result "0-1"]
[WhiteElo "2310"]
[BlackElo "2465"]
[PlyCount "68"]
[EventDate "1990.07.30"]
[EventType "swiss"]
[EventRounds "11"]
[EventCountry "GBR"]
[SourceTitle "BritBase"]

1. d4 d5 2. c4 dxc4 3. Nf3 Nf6 4. e3 e6 5. Bxc4 a6 6. a4 b6 7. O-O Bb7 8. Qe2
Nbd7 9. Nc3 Bb4 10. Bd3 Bd6 11. e4 e5 12. Bg5 O-O 13. Rad1 h6 14. Bh4 Qe7 15.
Rfe1 Rfe8 16. Bc4 exd4 17. Nxd4 Qe5 18. Bg3 Qc5 19. Nb3 Qg5 20. Bxd6 cxd6 21.
f3 Ne5 22. Rxd6 Nh5 23. Bd5 Nf4 24. Qf1 Nxg2 25. f4 Nxf4+ 26. Kh1 Nxd5 27. Nxd5
Rad8 28. Rxb6 Bxd5 29. exd5 Nd3 30. Re2 Qxd5+ 31. Kg1 Qg5+ 32. Kh1 Rxe2 33.
Qxe2 Nf4 34. Qf3 Rd1+ 0-1

[Event "GBR-ch77"]
[Site "Eastbourne"]
[Date "1990.08.04"]
[Round "6.12"]
[White "Wall, Timothy"]
[Black "Ward, Christopher R"]
[Result "0-1"]
[WhiteElo "2270"]
[BlackElo "2460"]
[PlyCount "78"]
[EventDate "1990.07.30"]
[EventType "swiss"]
[EventRounds "11"]
[EventCountry "GBR"]
[SourceTitle "BritBase"]

1. d4 Nf6 2. Bg5 e6 3. Nf3 c5 4. e3 cxd4 5. exd4 Be7 6. Nbd2 b6 7. Bd3 Bb7 8.
O-O O-O 9. Re1 d6 10. c3 Nbd7 11. Nc4 Qc7 12. a4 Rfe8 13. Qe2 Bf8 14. Bf4 g6
15. h3 a6 16. Bh2 Qc6 17. Qf1 Nd5 18. Ng5 Nc7 19. Ne3 h6 20. Nf3 Nf6 21. Nc4
Nfd5 22. Re2 Qd7 23. Qd1 Rab8 24. Qc2 b5 25. Ncd2 Bc6 26. a5 f5 27. g4 fxg4 28.
hxg4 e5 29. Kh1 Nf4 30. Bxf4 exf4 31. Rg1 Rxe2 32. Bxe2 Qe6 33. Bd3 Kg7 34. Kh2
Qf7 35. Nh4 g5 36. Nf5+ Kh8 37. Ne4 Qe6 38. Re1 d5 39. Nxg5 Qxe1 0-1

[Event "GBR-ch77"]
[Site "Eastbourne"]
[Date "1990.08.04"]
[Round "6.13"]
[White "Cullip, Stephen"]
[Black "Arkell, Keith C"]
[Result "0-1"]
[WhiteElo "2270"]
[BlackElo "2430"]
[PlyCount "70"]
[EventDate "1990.07.30"]
[EventType "swiss"]
[EventRounds "11"]
[EventCountry "GBR"]
[SourceTitle "BritBase"]

1. e4 c6 2. d4 d5 3. Nd2 g6 4. Ngf3 Bg7 5. c3 dxe4 6. Nxe4 Nd7 7. Bc4 Ngf6 8.
Bxf7+ Kxf7 9. Neg5+ Kg8 10. Ne6 Qb6 11. Qe2 Ne8 12. O-O Nf8 13. Nxg7 Nxg7 14.
Qxe7 Be6 15. Bg5 Re8 16. Qd6 h6 17. Bf6 Rh7 18. Ne5 Nf5 19. Qa3 Nd7 20. Nxd7
Rxd7 21. Rfe1 Rf7 22. Be5 Bd5 23. g3 Rfe7 24. Rad1 Qa6 25. Qxa6 bxa6 26. b3 c5
27. f4 cxd4 28. cxd4 Re6 29. Kf2 Rc8 30. Rc1 Rec6 31. Rxc6 Rxc6 32. Bb8 Rc2+
33. Re2 Rxe2+ 34. Kxe2 Nxd4+ 35. Kd3 Nc6 0-1

[Event "GBR-ch77"]
[Site "Eastbourne"]
[Date "1990.08.04"]
[Round "6.14"]
[White "Coleman, David"]
[Black "Morris, Philip"]
[Result "0-1"]
[WhiteElo "2235"]
[BlackElo "2380"]
[PlyCount "46"]
[EventDate "1990.07.30"]
[EventType "swiss"]
[EventRounds "11"]
[EventCountry "GBR"]
[SourceTitle "BritBase"]

1. e4 e5 2. Nf3 Nc6 3. d4 exd4 4. c3 dxc3 5. Bc4 cxb2 6. Bxb2 d6 7. Qb3 Na5 8.
Bxf7+ Ke7 9. Qd5 c6 10. Qh5 Qb6 11. Ba3 Nf6 12. Bxd6+ Kxd6 13. Qe5+ Kd7 14. Nc3
Qxf2+ 15. Kd1 Qc5 16. Nd5 cxd5 17. exd5 Bd6 18. Qg5 Qc3 19. Qxg7 Qxa1+ 20. Ke2
Qb2+ 21. Nd2 Kc7 22. Be6+ Bd7 23. Bxd7 Qe5+ 0-1

[Event "GBR-ch77"]
[Site "Eastbourne"]
[Date "1990.08.04"]
[Round "6.15"]
[White "Hawksworth, John C"]
[Black "Rayner, Francis"]
[Result "1/2-1/2"]
[WhiteElo "2370"]
[BlackElo "2230"]
[PlyCount "25"]
[EventDate "1990.07.30"]
[EventType "swiss"]
[EventRounds "11"]
[EventCountry "GBR"]
[SourceTitle "BritBase"]

1. d4 Nf6 2. Nf3 g6 3. g3 Bg7 4. Bg2 O-O 5. O-O d6 6. c4 Nc6 7. d5 Na5 8. Nfd2
c5 9. Nc3 e5 10. Qc2 Ne8 11. b3 f5 12. Bb2 Qe7 13. Rae1 1/2-1/2

[Event "GBR-ch77"]
[Site "Eastbourne"]
[Date "1990.08.04"]
[Round "6.16"]
[White "Buckley, Graeme"]
[Black "Ledger, Andrew"]
[Result "0-1"]
[WhiteElo "2225"]
[BlackElo "2350"]
[PlyCount "42"]
[EventDate "1990.07.30"]
[EventType "swiss"]
[EventRounds "11"]
[EventCountry "GBR"]
[SourceTitle "BritBase"]

1. Nf3 Nf6 2. b3 g6 3. Bb2 Bg7 4. e3 O-O 5. Be2 c5 6. c4 Nc6 7. O-O b6 8. d4
cxd4 9. Nxd4 Bb7 10. Bf3 Qc7 11. Nc3 Ne5 12. Bxb7 Qxb7 13. Rc1 Rfd8 14. f4 Nc6
15. Qf3 Rac8 16. Rf2 d6 17. Nxc6 Qxc6 18. e4 e6 19. Kh1 Nd7 20. Nb5 Bxb2 21.
Rxb2 Qxb5 0-1